000 00383nam a22001577a 4500
005 20250206181415.0
008 250206b |||||||| |||| 00| 0 eng d
020 _a9780300082883
050 _aBM 615 IDE
_b1
100 _aIDEL, Moshie
245 _aMessianic mystics
260 _aLondon
_bYale University Press
_c1998
300 _axi,451p
500 _aindex
942 _2lcc
_cBK
_n0
999 _c3519
_d3519